000 00199nam a22000977a 4500
082 _a823
_bCHA/K
100 _aCHATHANNOOR, NIRMALJITH
245 _aKAAVYANGANA
650 _aMALAYALAM STORY
942 _cBK
999 _c7704
_d7704